[Event "Mittelfranken-chTB2b 1819"]
[Site "Mittelfranken"]
[Date "2019.01.27"]
[Round "4.7"]
[White "Meyer, Juergen"]
[Black "Wissmeier, Bernd"]
[Result "0-1"]
[WhiteElo "1741"]
[BlackElo "1814"]
[PlyCount "54"]
[EventDate "2018.10.14"]
[EventType "team-tourn"]
[EventRounds "9"]
[EventCountry "GER"]
[SourceTitle "EXT 2022"]
[Source "ChessBase"]
[SourceDate "2021.10.06"]
[SourceVersion "1"]
[SourceVersionDate "2021.10.06"]
[SourceQuality "1"]
[WhiteTeam "Uttenreuth"]
[BlackTeam "Nuernberg SK 1911 II"]
[WhiteTeamCountry "GER"]
[BlackTeamCountry "GER"]

1. d4 Nf6 2. Nf3 d5 3. e3 g6 4. c4 c6 5. Qb3 Bg7 6. Nc3 0-0 7. Bd3 e6 8. 0-0 Nbd7 9. Bd2 Re8 10. cxd5 exd5 11. Rfd1 Ne4 12. Bxe4 dxe4 13. Ne1 Nf6 14. g3 Bg4 15. Rdc1 Qd7 16. Ng2 Bf3 17. d5 Qh3 18. Nf4 Qf5 19. Nce2 Nxd5 20. Nxd5 cxd5 21. Nf4 g5 22. Ng2 b6 23. Bc3 Re6 24. Bxg7 Kxg7 25. h4 Qh3 26. Qc3+ Kg8 27. Ne1 Qh1# 0-1

[Event "Mittelfranken-chTB1 1314"]
[Site "Mittelfranken"]
[Date "2013.12.01"]
[Round "3.7"]
[White "Dietrich, Jochen"]
[Black "Wissmeier, Bernd"]
[Result "1/2-1/2"]
[WhiteElo "1893"]
[BlackElo "1827"]
[PlyCount "114"]
[EventDate "2013.10.20"]
[EventType "team-tourn"]
[EventRounds "9"]
[EventCountry "GER"]
[SourceTitle "EXT 2020"]
[Source "ChessBase"]
[SourceDate "2019.10.17"]
[SourceVersion "1"]
[SourceVersionDate "2019.10.17"]
[SourceQuality "1"]
[WhiteTeam "Buechenbach/Roth II"]
[BlackTeam "Nuernberg SK 1911"]
[WhiteTeamCountry "GER"]
[BlackTeamCountry "GER"]

1. Nf3 d5 2. g3 c6 3. Bg2 Nf6 4. d3 Nbd7 5. 0-0 e5 6. Nbd2 Bc5 7. e3 Bb6 8. c4 0-0 9. Qc2 Qe7 10. a3 a5 11. b3 Re8 12. Bb2 Ng4 13. h3 Ngf6 14. Kh2 e4 15. dxe4 dxe4 16. Nd4 Nc5 17. Bc3 h5 18. b4 Nd3 19. Nxe4 Nxe4 20. Qxd3 axb4 21. Bxe4 bxc3 22. Bg2 Rxa3 23. Rxa3 Qxa3 24. Ne2 Be6 25. Rb1 Qa6 26. Qxc3 Bc7 27. Nd4 Be5 28. Qb4 Qxc4 29. Qxc4 Bxc4 30. Rxb7 c5 31. Nf3 Bc3 32. Rc7 Bb4 33. Ng5 Ba2 34. h4 Bb3 35. Bf3 g6 36. Ne4 Rd8 37. Nxc5 Ba2 38. Ne4 Kg7 39. Rc2 Bb1 40. Rb2 Bxe4 41. Bxe4 Bc3 42. Rc2 Ba5 43. Kg2 Rd7 44. Bf3 Bd8 45. Be2 Bf6 46. f4 Rb7 47. Kf3 Bd8 48. Bd3 Rd7 49. Bb5 Rb7 50. Rc5 Bb6 51. Rd5 Re7 52. e4 Rc7 53. Bd3 Rc6 54. g4 hxg4+ 55. Kxg4 Bf2 56. h5 gxh5+ 57. Kxh5 Rc5 1/2-1/2

[Event "Mittelfranken-chTB1 1011"]
[Site "Germany"]
[Date "2011.05.15"]
[Round "9.3"]
[White "Wissmeier, Bernd"]
[Black "Bauer, Andreas"]
[Result "0-1"]
[WhiteElo "1948"]
[BlackElo "2101"]
[PlyCount "90"]
[EventDate "2010.09.26"]
[EventType "team-tourn"]
[EventRounds "9"]
[EventCountry "GER"]
[SourceTitle "EXT 2012"]
[Source "ChessBase"]
[SourceDate "2011.11.24"]
[SourceVersion "1"]
[SourceVersionDate "2011.11.24"]
[SourceQuality "1"]
[WhiteTeam "Nuernberg SK 1911"]
[BlackTeam "Postbauer Heng"]
[WhiteTeamCountry "GER"]
[BlackTeamCountry "GER"]

1. e4 d5 2. exd5 Qxd5 3. Nc3 Qd6 4. d4 Nf6 5. Nf3 Bg4 6. Be2 c6 7. Ne5 Bxe2 8. Nxe2 Nbd7 9. Nxd7 Qxd7 10. 0-0 e6 11. Bf4 Bd6 12. c3 0-0 13. Re1 Bxf4 14. Nxf4 Qc7 15. Nh5 Nxh5 16. Qxh5 Rad8 17. Re5 Rd5 18. Rae1 Rfd8 19. f4 g6 20. Qg4 c5 21. Rxd5 Rxd5 22. dxc5 Qxc5+ 23. Kf1 Qc4+ 24. Kg1 Qxa2 25. Rxe6 Qb1+ 26. Kf2 Qxb2+ 27. Re2 Qxc3 28. Qh4 Kg7 29. g4 h6 30. Kg2 Rd2 31. Qf2 Qc6+ 32. Kg3 Rd3+ 33. Re3 Qc3 34. Rxd3 Qxd3+ 35. Kg2 Qe4+ 36. Kg3 g5 37. Qb2+ f6 38. Qa3 gxf4+ 39. Kh4 Kg6 40. Qf8 Qe1+ 41. Kh3 Qe6 42. Kh4 a5 43. Qb8 f3 44. Qxb7 Qe1+ 45. Kh3 f2 0-1

[Event "Mittelfranken-chTB1 1011"]
[Site "Germany"]
[Date "2011.02.13"]
[Round "6.2"]
[White "Wissmeier, Bernd"]
[Black "Hofer, Markus"]
[Result "0-1"]
[WhiteElo "1948"]
[BlackElo "2075"]
[PlyCount "100"]
[EventDate "2010.09.26"]
[EventType "team-tourn"]
[EventRounds "9"]
[EventCountry "GER"]
[SourceTitle "EXT 2012"]
[Source "ChessBase"]
[SourceDate "2011.11.24"]
[SourceVersion "1"]
[SourceVersionDate "2011.11.24"]
[SourceQuality "1"]
[WhiteTeam "Nuernberg SK 1911"]
[BlackTeam "Buechenbach/Roth"]
[WhiteTeamCountry "GER"]
[BlackTeamCountry "GER"]

1. e4 Nf6 2. e5 Nd5 3. d4 d6 4. f4 Bf5 5. Bd3 Qd7 6. a3 Bxd3 7. Qxd3 c5 8. Nf3 cxd4 9. Qxd4 dxe5 10. Nxe5 Nc6 11. Nxc6 Qxc6 12. 0-0 e6 13. Kh1 Bc5 14. Qe4 Rc8 15. c4 Nf6 16. Qxc6+ Rxc6 17. Nc3 0-0 18. b3 Rd8 19. Bb2 Rd2 20. Rab1 h5 21. Rfd1 Rf2 22. Rf1 Rd2 23. Rfd1 Rf2 24. Rf1 Rd2 25. b4 Bd4 26. Rfd1 Bxc3 27. Bxc3 Rxd1+ 28. Rxd1 Ne4 29. Rc1 Rxc4 30. Bb2 Nd2 31. g3 Kh7 32. Kg2 Kg6 33. Kf2 Kf5 34. Ke2 Rxc1 35. Bxc1 Nc4 36. Kf3 e5 37. fxe5 Nxe5+ 38. Kg2 g5 39. Be3 a6 40. Bd4 Ke4 41. Bc5 g4 42. h3 b5 43. hxg4 hxg4 44. Bd6 Nc4 45. Bc7 Ke3 46. Bf4+ Ke2 47. Bc1 Ne3+ 48. Kg1 Kf3 49. Kh2 Nf1+ 50. Kg1 Nxg3 0-1

[Event "Mittelfranken-chTB1 1011"]
[Site "Germany"]
[Date "2010.11.21"]
[Round "3.3"]
[White "Thuerauf, Peter"]
[Black "Wissmeier, Bernd"]
[Result "1/2-1/2"]
[WhiteElo "1818"]
[BlackElo "1948"]
[PlyCount "83"]
[EventDate "2010.09.26"]
[EventType "team-tourn"]
[EventRounds "9"]
[EventCountry "GER"]
[SourceTitle "EXT 2012"]
[Source "ChessBase"]
[SourceDate "2011.11.24"]
[SourceVersion "1"]
[SourceVersionDate "2011.11.24"]
[SourceQuality "1"]
[WhiteTeam "Nuernberg Sued SW III"]
[BlackTeam "Nuernberg SK 1911"]
[WhiteTeamCountry "GER"]
[BlackTeamCountry "GER"]

1. Nf3 d5 2. d4 Nf6 3. e3 g6 4. c4 c6 5. cxd5 cxd5 6. Nc3 Bg7 7. Bd3 0-0 8. 0-0 a6 9. Bd2 Nc6 10. Rc1 Qd6 11. h3 b5 12. Qe2 Re8 13. Rfd1 Bb7 14. Bb1 Rad8 15. Be1 Rc8 16. a3 e5 17. dxe5 Nxe5 18. Nxe5 Qxe5 19. Qd2 Nd7 20. Ba2 Nb6 21. b3 Qe7 22. Nb1 Qe4 23. Rxc8 Rxc8 24. f3 Qc2 25. Qxc2 Rxc2 26. Rd2 Rc1 27. Re2 Nd7 28. Kf2 Nc5 29. Rd2 Bf6 30. b4 Ne6 31. Ke2 Kg7 32. Bf2 h5 33. Rd1 Bb2 34. Rxc1 Bxc1 35. Kd1 Bb2 36. Kc2 Bf6 37. Kd3 Nd8 38. Nc3 Bxc3 39. Kxc3 Ne6 40. Kd3 Kf6 41. Bg3 Ke7 42. Bb3 1/2-1/2

[Event "Mittelfranken-chTB1 0910"]
[Site "Mittelfranken"]
[Date "2010.04.18"]
[Round "9.5"]
[White "Wissmeier, Bernd"]
[Black "Werner, Andreas1111"]
[Result "1/2-1/2"]
[WhiteElo "1940"]
[BlackElo "1952"]
[PlyCount "66"]
[EventDate "2009.10.11"]
[EventType "team-tourn"]
[EventRounds "9"]
[EventCountry "GER"]
[SourceTitle "EXT 2011"]
[Source "ChessBase"]
[SourceDate "2010.11.26"]
[SourceVersion "1"]
[SourceVersionDate "2010.11.26"]
[SourceQuality "1"]
[WhiteTeam "Nuernberg SK 1911"]
[BlackTeam "Nuernberg Sued SW II"]
[WhiteTeamCountry "GER"]
[BlackTeamCountry "GER"]

1. e4 e5 2. Nf3 d6 3. d4 exd4 4. Nxd4 Nc6 5. Bc4 Nf6 6. Nc3 Be7 7. 0-0 0-0 8. Re1 Bd7 9. h3 Nxd4 10. Qxd4 Bc6 11. Bd3 Nd7 12. Nd5 Nc5 13. Bc4 Re8 14. Bd2 Bf8 15. Rad1 Ne6 16. Qd3 a6 17. Nb4 Qd7 18. Nxc6 Qxc6 19. Bd5 Qb5 20. Qxb5 axb5 21. Bxb7 Rxa2 22. Bd5 Ra4 23. Ra1 Nc5 24. f3 Rb8 25. b3 Ra6 26. Rxa6 Nxa6 27. Ra1 Rb6 28. Ba5 Rb8 29. Bc3 Rb6 30. Ba5 Rb8 31. Bd2 Rb6 32. Be3 c5 33. Bg5 Nb4 1/2-1/2

[Event "Mittelfranken-chTB1 0910"]
[Site "Mittelfranken"]
[Date "2009.11.22"]
[Round "3.5"]
[White "Wissmeier, Bernd"]
[Black "Wirth, Karl Heinz"]
[Result "1-0"]
[WhiteElo "1940"]
[BlackElo "1781"]
[PlyCount "67"]
[EventDate "2009.10.11"]
[EventType "team-tourn"]
[EventRounds "9"]
[EventCountry "GER"]
[SourceTitle "EXT 2011"]
[Source "ChessBase"]
[SourceDate "2010.11.26"]
[SourceVersion "1"]
[SourceVersionDate "2010.11.26"]
[SourceQuality "1"]
[WhiteTeam "Nuernberg SK 1911"]
[BlackTeam "Muehlhof/Mfr"]
[WhiteTeamCountry "GER"]
[BlackTeamCountry "GER"]

1. e4 e5 2. Nf3 f5 3. Nxe5 Qf6 4. d4 d6 5. Nc4 fxe4 6. Ne3 c6 7. c4 Qg6 8. Be2 Nf6 9. Nc3 Be7 10. Qc2 Na6 11. a3 0-0 12. 0-0 Nc7 13. d5 cxd5 14. cxd5 Kh8 15. f3 exf3 16. Bxf3 Qxc2 17. Nxc2 Bg4 18. Bxg4 Nxg4 19. Bf4 Rae8 20. Rad1 g5 21. Bg3 Rxf1+ 22. Kxf1 Kg7 23. h3 Nf6 24. Ne3 h5 25. Nf5+ Kg6 26. Nxd6 Bxd6 27. Bxd6 Na6 28. Rd3 b6 29. b4 Rd8 30. Be7 Rd7 31. d6 Nb8 32. b5 Ng8 33. Re3 Kf7 34. Nd5 1-0

[Event "Mittelfrankenliga-B1 0708"]
[Site "Mittelfranken"]
[Date "2008.02.17"]
[Round "6.8"]
[White "Wissmeier, Bernd"]
[Black "Ulusoy, Tolga"]
[Result "1/2-1/2"]
[WhiteElo "1935"]
[BlackElo "1976"]
[PlyCount "147"]
[EventDate "2007.10.14"]
[EventType "team-tourn"]
[EventRounds "9"]
[EventCountry "GER"]
[SourceTitle "EXT 2011"]
[Source "ChessBase"]
[SourceDate "2010.11.26"]
[SourceVersion "1"]
[SourceVersionDate "2010.11.26"]
[SourceQuality "1"]
[WhiteTeam "Nuernberg SK 1911"]
[BlackTeam "Nuernberg NT III"]
[WhiteTeamCountry "GER"]
[BlackTeamCountry "GER"]

1. e4 c5 2. Nf3 d6 3. d4 cxd4 4. Nxd4 Nf6 5. Nc3 g6 6. Be2 Bg7 7. Be3 Nc6 8. 0-0 0-0 9. h3 d5 10. exd5 Nxd5 11. Nxd5 Nxd4 12. Bxd4 Qxd5 13. Bxg7 Qxd1 14. Raxd1 Kxg7 15. Bf3 Be6 16. b3 Rac8 17. c4 b6 18. Bd5 Bxd5 19. Rxd5 Rfd8 20. Rfd1 Rxd5 21. Rxd5 Rc7 22. Kf1 e6 23. Rd2 Kf6 24. Ke2 Ke7 25. Ke3 Rc5 26. Kd4 e5+ 27. Kc3 f5 28. b4 Rc6 29. a4 e4 30. Rd5 Rd6 31. Kd4 h5 32. h4 Ke6 33. g3 Rc6 34. Re5+ Kd7 35. Rd5+ Ke6 36. Re5+ Kd7 37. a5 Kd6 38. axb6 axb6 39. c5+ bxc5+ 40. bxc5+ Kd7 41. Rd5+ Ke6 42. Re5+ Kd7 43. Ke3 Ra6 44. Rd5+ Ke6 45. Rd2 Ke5 46. Ke2 Rc6 47. Rc2 Kd4 48. Rd2+ Kxc5 49. Ke3 Rd6 50. Rc2+ Kd5 51. Kf4 Re6 52. Rd2+ Kc4 53. Rd8 Ra6 54. f3 Re6 55. fxe4 Rxe4+ 56. Kf3 Rg4 57. Rd6 Kc5 58. Rf6 Kd5 59. Ra6 Ke5 60. Ra5+ Kf6 61. Ra6+ Kg7 62. Re6 f4 63. gxf4 Rxh4 64. Ra6 Rg4 65. Ra7+ Kf6 66. Ra6+ Kf5 67. Ra5+ Ke6 68. Ra6+ Kd5 69. Ra5+ Kd4 70. f5 Rg5 71. Ra4+ Ke5 72. fxg6 Rxg6 73. Ra5+ Kf6 74. Rxh5 1/2-1/2

[Event "Mittelfrankenliga-B1 0708"]
[Site "Mittelfranken"]
[Date "2008.01.13"]
[Round "4.7"]
[White "Pidtoptanyy, Igor"]
[Black "Wissmeier, Bernd"]
[Result "1/2-1/2"]
[WhiteElo "1933"]
[BlackElo "1935"]
[PlyCount "92"]
[EventDate "2007.10.14"]
[EventType "team-tourn"]
[EventRounds "9"]
[EventCountry "GER"]
[SourceTitle "EXT 2011"]
[Source "ChessBase"]
[SourceDate "2010.11.26"]
[SourceVersion "1"]
[SourceVersionDate "2010.11.26"]
[SourceQuality "1"]
[WhiteTeam "Fuerth SZ"]
[BlackTeam "Nuernberg SK 1911"]
[WhiteTeamCountry "GER"]
[BlackTeamCountry "GER"]

1. e4 c5 2. c3 d5 3. exd5 Qxd5 4. d4 cxd4 5. cxd4 Nc6 6. Nf3 e6 7. Nc3 Bb4 8. a3 Bxc3+ 9. bxc3 Nf6 10. Bd3 0-0 11. 0-0 e5 12. c4 Qa5 13. Bd2 Qc7 14. dxe5 Nxe5 15. Bf4 Nxf3+ 16. Qxf3 Qc5 17. Rfe1 Be6 18. Be5 Ng4 19. Bf4 Nf6 20. Bd2 Qd4 21. Bc3 Qg4 22. Qxg4 Nxg4 23. f3 Nf6 24. Bxf6 gxf6 25. Rab1 b6 26. Rb5 Rad8 27. Re3 Rxd3 28. Rxd3 Bxc4 29. Rbd5 Bxd5 30. Rxd5 Re8 31. Rd7 a6 32. Kf2 Kg7 33. Rd3 Re6 34. f4 f5 35. Rg3+ Rg6 36. Rd3 Rc6 37. Rg3+ Kf8 38. Re3 Rc2+ 39. Kf3 Rc5 40. Kg3 Kg7 41. Kh4 Kf6 42. h3 Rc4 43. Rb3 b5 44. g3 Re4 45. Kh5 Re6 46. Kh6 Rb6 1/2-1/2

[Event "Mittelfrankenliga-B1 0708"]
[Site "Mittelfranken"]
[Date "2007.10.14"]
[Round "1.6"]
[White "Luther, Helmut"]
[Black "Wissmeier, Bernd"]
[Result "1-0"]
[WhiteElo "1916"]
[BlackElo "1935"]
[PlyCount "89"]
[EventDate "2007.10.14"]
[EventType "team-tourn"]
[EventRounds "9"]
[EventCountry "GER"]
[SourceTitle "EXT 2011"]
[Source "ChessBase"]
[SourceDate "2010.11.26"]
[SourceVersion "1"]
[SourceVersionDate "2010.11.26"]
[SourceQuality "1"]
[WhiteTeam "Nuernberg Sued SW II"]
[BlackTeam "Nuernberg SK 1911"]
[WhiteTeamCountry "GER"]
[BlackTeamCountry "GER"]

1. d4 Nf6 2. c4 e5 3. dxe5 Ng4 4. Nf3 Nc6 5. Bf4 Bb4+ 6. Nbd2 Qe7 7. a3 Ngxe5 8. Nxe5 Nxe5 9. e3 Bxd2+ 10. Qxd2 d6 11. Be2 a5 12. 0-0 0-0 13. Rac1 b6 14. b4 axb4 15. axb4 Bb7 16. c5 dxc5 17. bxc5 bxc5 18. Qc3 Ng6 19. Bg3 Bd5 20. Qxc5 Qxc5 21. Rxc5 c6 22. Rfc1 Rfd8 23. f3 Ne7 24. e4 Be6 25. Bh4 f6 26. f4 Rd4 27. Bf3 Kf7 28. Bf2 Rd3 29. f5 Bd7 30. Be2 Rd2 31. Bc4+ Ke8 32. Be3 Rb2 33. Bd4 Rb7 34. Bc3 Ra3 35. g4 Nc8 36. e5 fxe5 37. Rxe5+ Kd8 38. Re3 Ra4 39. Bxg7 Nd6 40. Be2 Kc8 41. h3 Bxf5 42. Be5 Be4 43. Bxd6 Rb2 44. Bf3 Rb1 45. Rxb1 1-0

[Event "Mittelfrankenliga-B1 0607"]
[Site "Mittelfranken"]
[Date "2007.05.06"]
[Round "9.5"]
[White "Thuerauf, Peter"]
[Black "Wissmeier, Bernd"]
[Result "1-0"]
[WhiteElo "1820"]
[BlackElo "1927"]
[PlyCount "93"]
[EventDate "2006.10.22"]
[EventType "team-tourn"]
[EventRounds "9"]
[EventCountry "GER"]
[SourceTitle "EXT 2011"]
[Source "ChessBase"]
[SourceDate "2010.11.26"]
[SourceVersion "1"]
[SourceVersionDate "2010.11.26"]
[SourceQuality "1"]
[WhiteTeam "Nuernberg Sued SW II"]
[BlackTeam "Nuernberg SK 1911"]
[WhiteTeamCountry "GER"]
[BlackTeamCountry "GER"]

1. d4 Nf6 2. Nf3 d5 3. e3 e6 4. c4 Nbd7 5. cxd5 exd5 6. Bd3 Bd6 7. 0-0 0-0 8. Nc3 c6 9. Qc2 Re8 10. e4 dxe4 11. Nxe4 Nxe4 12. Bxe4 Nf6 13. Bd3 h6 14. h3 Qc7 15. Bd2 Be6 16. Qc1 Kf8 17. Re1 Rad8 18. Bxh6 gxh6 19. Qxh6+ Ke7 20. Rxe6+ Kxe6 21. Re1+ Kd7 22. Bf5+ Re6 23. Qxf6 Kc8 24. Bxe6+ fxe6 25. Qxe6+ Kb8 26. Qf5 Qg7 27. Qg4 Qc7 28. Qh5 Qd7 29. Ne5 Qg7 30. Qg4 Qh7 31. Qg6 Qc7 32. Nc4 Be7 33. Qg3 Qxg3 34. fxg3 Bf6 35. b3 Bxd4+ 36. Kh2 Bf2 37. Re2 Bc5 38. Ne5 Rd1 39. Nf3 Kc7 40. h4 a5 41. h5 Rd5 42. g4 Bd6+ 43. Kh3 Rd1 44. g3 Rh1+ 45. Kg2 Rd1 46. h6 Bc5 47. g5 1-0

[Event "Mittelfranken-ch QT 56th"]
[Site "Postbauer"]
[Date "2007.04.06"]
[Round "5"]
[White "Bildt, Maximilian"]
[Black "Wissmeier, Bernd"]
[Result "0-1"]
[WhiteElo "1795"]
[BlackElo "1956"]
[PlyCount "52"]
[EventDate "2007.04.04"]
[EventType "swiss"]
[EventRounds "7"]
[EventCountry "GER"]
[SourceTitle "EXT 2015"]
[Source "ChessBase"]
[SourceDate "2014.11.20"]
[SourceVersion "1"]
[SourceVersionDate "2014.11.20"]
[SourceQuality "1"]

1. e4 c5 2. Nf3 d6 3. d4 cxd4 4. Nxd4 Nf6 5. Nc3 a6 6. Bd3 e6 7. f4 b5 8. Qf3 Bb7 9. g4 Nfd7 10. Be3 Nc5 11. f5 e5 12. Nb3 Nc6 13. Nxc5 dxc5 14. 0-0-0 Nd4 15. Bxd4 cxd4 16. Nxb5 Qg5+ 17. Kb1 axb5 18. Bxb5+ Kd8 19. h4 Qf6 20. g5 Qb6 21. Bc4 Rb8 22. b3 f6 23. Qh5 Bxe4 24. Rhe1 Qc6 25. a4 Qxc4 26. Rxe4 Ba3 0-1

[Event "Mittelfranken-ch QT 56th"]
[Site "Postbauer"]
[Date "2007.04.06"]
[Round "6"]
[White "Wissmeier, Bernd"]
[Black "Bachstein, Dustin"]
[Result "1/2-1/2"]
[WhiteElo "1956"]
[BlackElo "2033"]
[PlyCount "38"]
[EventDate "2007.04.04"]
[EventType "swiss"]
[EventRounds "7"]
[EventCountry "GER"]
[SourceTitle "EXT 2015"]
[Source "ChessBase"]
[SourceDate "2014.11.20"]
[SourceVersion "1"]
[SourceVersionDate "2014.11.20"]
[SourceQuality "1"]

1. e4 e5 2. Nf3 Nc6 3. Bb5 a6 4. Bxc6 dxc6 5. 0-0 f6 6. d3 Bd6 7. Be3 Ne7 8. Qe2 Bg4 9. Nbd2 Qd7 10. Nc4 Ng6 11. Rfe1 Nh4 12. Ncd2 0-0-0 13. Qf1 Nxf3+ 14. Nxf3 Bxf3 15. gxf3 g5 16. Qg2 h5 17. Kf1 Rdg8 18. Ke2 Rg6 19. h3 Rhg8 1/2-1/2

[Event "Mittelfranken-ch QT 55th"]
[Site "Postbauer"]
[Date "2006.04.14"]
[Round "6"]
[White "Lais, Thomas"]
[Black "Wissmeier, Bernd"]
[Result "1/2-1/2"]
[WhiteElo "1911"]
[BlackElo "1917"]
[PlyCount "29"]
[EventDate "2006.04.12"]
[EventType "swiss"]
[EventRounds "7"]
[EventCountry "GER"]
[SourceTitle "EXT 2015"]
[Source "ChessBase"]
[SourceDate "2014.11.20"]
[SourceVersion "1"]
[SourceVersionDate "2014.11.20"]
[SourceQuality "1"]

1. e4 c5 2. Nf3 d6 3. d4 cxd4 4. Nxd4 Nf6 5. Nc3 a6 6. f4 b5 7. Bd3 Bb7 8. a3 e6 9. 0-0 Be7 10. Qf3 Nbd7 11. Be3 Nc5 12. Rad1 Rc8 13. g4 Nxd3 14. cxd3 g6 15. g5 1/2-1/2

[Event "Mittelfranken-ch QT 55th"]
[Site "Postbauer"]
[Date "2006.04.14"]
[Round "5"]
[White "Wissmeier, Bernd"]
[Black "Wirth, Karl Heinz"]
[Result "1-0"]
[WhiteElo "1917"]
[BlackElo "1770"]
[PlyCount "62"]
[EventDate "2006.04.12"]
[EventType "swiss"]
[EventRounds "7"]
[EventCountry "GER"]
[SourceTitle "EXT 2015"]
[Source "ChessBase"]
[SourceDate "2014.11.20"]
[SourceVersion "1"]
[SourceVersionDate "2014.11.20"]
[SourceQuality "1"]

1. e4 e5 2. Nf3 f5 3. Nxe5 Qf6 4. d4 d6 5. Nc4 fxe4 6. Nc3 Qg6 7. f3 Nf6 8. fxe4 Be7 9. Be2 Qxg2 10. Bf3 Qh3 11. Qe2 Qh4+ 12. Kd1 Ng4 13. Be3 0-0 14. Kd2 Nc6 15. Nd5 Bg5 16. c3 Nxe3 17. Ncxe3 Bg4 18. Raf1 Bxf3 19. Rxf3 Rxf3 20. Qxf3 Rf8 21. Qg3 Rf2+ 22. Kd3 Rxb2 23. Qxh4 Bxh4 24. Nf5 Bg5 25. Rg1 h6 26. h4 Rd2+ 27. Kc4 a6 28. Nxc7 Bf6 29. Ne8 b5+ 30. Kd5 Ne7+ 31. Nxe7+ Bxe7 1-0

[Event "Mittelfrankenliga-B1 0506"]
[Site "Germany"]
[Date "2006.03.19"]
[Round "7.5"]
[White "Cipra, Lothar"]
[Black "Wissmeier, Bernd"]
[Result "1/2-1/2"]
[WhiteElo "1908"]
[BlackElo "1910"]
[PlyCount "120"]
[EventDate "2005.10.16"]
[EventType "team"]
[EventRounds "9"]
[EventCountry "GER"]
[SourceTitle "EXT 2007"]
[Source "ChessBase"]
[SourceDate "2006.11.23"]
[SourceVersion "1"]
[SourceVersionDate "2006.11.23"]
[SourceQuality "1"]

1. d4 Nf6 2. c4 e5 3. dxe5 Ng4 4. Nf3 Nc6 5. e3 Ngxe5 6. Nbd2 g6 7. Be2 Bg7 8. 0-0 0-0 9. a3 d6 10. Nd4 Re8 11. N2f3 Nxf3+ 12. Bxf3 Ne5 13. Be2 Qe7 14. Ra2 f5 15. b4 a5 16. bxa5 Rxa5 17. Bd2 Ra8 18. Bc3 b6 19. Qb3 Kh8 20. a4 Bd7 21. Rd1 h6 22. a5 bxa5 23. Rxa5 Rab8 24. Qc2 Nc6 25. Nxc6 Bxc6 26. Bxg7+ Kxg7 27. Bd3 Be4 28. h3 Qf6 29. Rb5 Ra8 30. Bxe4 Rxe4 31. Rb7 Re7 32. c5 Ra6 33. Qc4 Rc6 34. Rb8 Rf7 35. Rd5 dxc5 36. Rdd8 Qa1+ 37. Kh2 Qe5+ 38. g3 Kf6 39. Qh4+ Kg7 40. Rg8+ Kh7 41. Qd8 g5 42. Rh8+ Kg6 43. Rg8+ Kh7 44. Re8 Qf6 45. Re7 Qg7 46. Rxf7 Qxf7 47. Qh8+ Kg6 48. Rg8+ Kh5 49. g4+ fxg4 50. Rf8 Qe6 51. hxg4+ Kxg4 52. Kg2 Rd6 53. Qb2 Qd5+ 54. Kh2 Qd1 55. Qe5 Kh5 56. Qxc5 Qg4 57. Rf4 Qe6 58. Qb5 Kg6 59. Qb1+ Kh5 60. Qb5 Kg6 1/2-1/2

[Event "Mittelfrankenliga-B1 0506"]
[Site "Germany"]
[Date "2006.02.12"]
[Round "6.6"]
[White "Thuerauf, Peter"]
[Black "Wissmeier, Bernd"]
[Result "1/2-1/2"]
[WhiteElo "1849"]
[BlackElo "1910"]
[PlyCount "110"]
[EventDate "2005.10.16"]
[EventType "team"]
[EventRounds "9"]
[EventCountry "GER"]
[SourceTitle "EXT 2007"]
[Source "ChessBase"]
[SourceDate "2006.11.23"]
[SourceVersion "1"]
[SourceVersionDate "2006.11.23"]
[SourceQuality "1"]

1. d4 Nf6 2. Nf3 d5 3. c4 e6 4. Bg5 Be7 5. e3 c5 6. Nc3 Nc6 7. Be2 dxc4 8. Bxc4 cxd4 9. exd4 0-0 10. 0-0 a6 11. a4 Qb6 12. Qb3 Qc7 13. Be2 Na5 14. Qc2 Rd8 15. Rac1 Qb6 16. Rcd1 Bd7 17. Ne5 Rac8 18. Bd3 h6 19. Nxd7 Rxd7 20. Bxf6 Bxf6 21. Nd5 Qd8 22. Nxf6+ gxf6 23. Qd2 Kg7 24. Be4 f5 25. Bf3 Nb3 26. Qe3 Nxd4 27. Bxb7 Rxb7 28. Rxd4 Qf6 29. Qd2 Rb3 30. Rb4 Rd8 31. Qxd8 Rxb4 32. Qa5 Qd4 33. Qxa6 Rxa4 34. Qe2 Ra2 35. Rb1 Qd5 36. h3 Qd4 37. Qe3 Qxe3 38. fxe3 Kf6 39. Kf2 Ke5 40. Kf3 Ra8 41. Rd1 Rb8 42. Rd7 Kf6 43. Rd2 Rb3 44. g4 Rb4 45. gxf5 Kxf5 46. Rg2 e5 47. Rc2 Rb3 48. Re2 f6 49. Rc2 h5 50. Re2 h4 51. Rc2 Rb4 52. Rd2 Rb7 53. Rc2 Rb4 54. Rd2 Rb3 55. Rc2 Rb4 1/2-1/2

[Event "Mittelfrankenliga-B1 0506"]
[Site "Germany"]
[Date "2005.10.16"]
[Round "1.5"]
[White "Wissmeier, Bernd"]
[Black "Zwingel, Stephan"]
[Result "0-1"]
[WhiteElo "1910"]
[BlackElo "1913"]
[PlyCount "120"]
[EventDate "2005.10.16"]
[EventType "team"]
[EventRounds "9"]
[EventCountry "GER"]
[SourceTitle "EXT 2007"]
[Source "ChessBase"]
[SourceDate "2006.11.23"]
[SourceVersion "1"]
[SourceVersionDate "2006.11.23"]
[SourceQuality "1"]

1. e4 c5 2. Nf3 d6 3. d4 cxd4 4. Nxd4 Nf6 5. Nc3 a6 6. Bg5 e6 7. f4 Qc7 8. Bxf6 gxf6 9. Qh5 Qc5 10. Qxc5 dxc5 11. Nb3 Rg8 12. g3 h5 13. 0-0-0 b6 14. Na4 Nd7 15. Be2 b5 16. Nc3 h4 17. Rhg1 hxg3 18. hxg3 Bh6 19. Kb1 Bb7 20. Bh5 Rd8 21. Na5 Ba8 22. f5 Ke7 23. Be2 Be3 24. Rh1 Rh8 25. g4 Bd4 26. Bf3 Ne5 27. Bg2 Nxg4 28. fxe6 fxe6 29. Ne2 Be5 30. Rxd8 Rxh1+ 31. Bxh1 Kxd8 32. Nb3 Nf2 33. Bg2 Bxe4 34. Bf1 Bd6 35. Nc3 Ba8 36. Kc1 Bf4+ 37. Kb1 Be3 38. Ne2 Ne4 39. Bh3 Ke7 40. c3 Nd2+ 41. Nxd2 Bxd2 42. Kc2 Bg5 43. Kd3 f5 44. Ng3 Bd5 45. b3 Kf6 46. c4 bxc4+ 47. bxc4 Bf3 48. Bf1 e5 49. Bh3 e4+ 50. Kc3 f4 51. Nf1 e3 52. Nh2 Be4 53. Bg4 Kg6 54. Be2 Bf6+ 55. Kb3 Kg5 56. Nf3+ Bxf3 57. Bxf3 Kh4 58. Kc2 Kg3 59. Be4 f3 60. Kd1 e2+ 0-1

[Event "Mittelfranken-ch QT 53rd"]
[Site "Lauf"]
[Date "2004.04.09"]
[Round "6"]
[White "Lenz, Harald"]
[Black "Wissmeier, Bernd"]
[Result "1/2-1/2"]
[WhiteElo "1759"]
[BlackElo "1868"]
[PlyCount "126"]
[EventDate "2004.04.07"]
[EventType "swiss"]
[EventRounds "7"]
[EventCountry "GER"]
[SourceTitle "EXT 2015"]
[Source "ChessBase"]
[SourceDate "2014.11.20"]
[SourceVersion "1"]
[SourceVersionDate "2014.11.20"]
[SourceQuality "1"]

1. d4 Nf6 2. c4 e5 3. dxe5 Ng4 4. e3 Nxe5 5. Nf3 Nbc6 6. Nxe5 Nxe5 7. Nc3 d6 8. Ne4 Bf5 9. Ng3 Bd7 10. Qc2 g6 11. Bd2 Bg7 12. Bc3 0-0 13. Be2 Qe7 14. f4 Nc6 15. Bxg7 Kxg7 16. Qc3+ Kg8 17. e4 Rae8 18. 0-0 f5 19. Bf3 fxe4 20. Bxe4 Qg7 21. Qxg7+ Kxg7 22. f5 Rf6 23. b3 b6 24. h4 Nd4 25. fxg6 hxg6 26. Rxf6 Kxf6 27. Rf1+ Kg7 28. h5 Ne2+ 29. Nxe2 Rxe4 30. Ng3 Re5 31. hxg6 Kxg6 32. Rd1 Bc6 33. Rd4 Kg5 34. Kf2 Re7 35. Nf1 Rf7+ 36. Kg1 Rf8 37. Ne3 Re8 38. Kf2 Be4 39. Nd5 Rf8+ 40. Kg3 Bxd5 41. cxd5 a5 42. Rg4+ Kh6 43. Rh4+ Kg6 44. Rg4+ Kh6 45. Rf4 Re8 46. Kf2 Re5 47. Rd4 Kg5 48. g3 Rf5+ 49. Ke2 Rf7 50. Ke3 Rh7 51. Rd3 Kg4 52. Kd4 b5 53. a4 bxa4 54. bxa4 Rh3 55. Kc4 Rh8 56. Kb5 Ra8 57. Kc6 Ra7 58. Rb3 Kf5 59. Rb5 Ke5 60. g4 Ra8 61. Kxc7 Rg8 62. Rxa5 Rxg4 63. Ra6 Kxd5 1/2-1/2